| 000 | 00669cam a2200205 i 4500 | ||
|---|---|---|---|
| 005 | 20251118125421.0 | ||
| 008 | 250721s2014 ua gr 000 0 ara d | ||
| 020 | _a9789776277816 | ||
| 082 | 1 | 4 |
_a210.202 _bع م ر |
| 100 | 1 |
_aالعمري، احمد خيري _eمؤلف. |
|
| 245 | 1 | 0 |
_aتسعة من عشرة / _cد.أحمد خيري العمري. |
| 250 | _aالطبعة السادسة. | ||
| 264 | 3 | 1 |
_aالقاهرة : _bدار اجيال، _c2014. |
| 300 | _a95 صفحة. | ||
| 650 | 1 | 7 | _aالوعظ و الإرشاد. |
| 650 | 1 | 7 | _aالثقافة الإسلامية. |
| 650 | 1 | 7 | _aالإسلام. |
| 942 |
_2ddc _cBK |
||
| 999 |
_c132711 _d132711 |
||